[Event "19e tournoi d'automne"]
[Site "Montigny le Bretonneux"]
[Date "2021.10.26"]
[Round "4.9"]
[White "Mimoune, Mehdi"]
[Black "Flamant, Jacky"]
[Result "0-1"]
[WhiteElo "1451"]
[BlackElo "1479"]
[Annotator "Rivier,Sylvain"]
[PlyCount "74"]
[EventDate "2021.??.??"]

{Défense française, variante d'avance} 1. e4 e6 2. d4 d5 3. e5 c5 4. c3 Nc6 5.
Nf3 Nge7 6. Bd3 cxd4 7. cxd4 Nf5 8. Bxf5 exf5 9. O-O h6 10. Nc3 Be6 11. Re1 g5
12. Ne2 Be7 13. Qd3 Nb4 14. Qb1 Rc8 15. Nc3 g4 16. Nd2 h5 17. a3 Nc6 18. Nb5 a6
19. Nd6+ Bxd6 20. exd6 Nxd4 21. Ra2 Qxd6 22. b3 O-O 23. Bb2 Nc6 24. Nf1 f4 25.
Bf6 Bd7 26. Bg5 Rfe8 27. Rd1 Qe5 28. Bh4 Bf5 29. Qc1 Nb4 30. Qd2 Nxa2 31. Qxa2
Rc2 32. Qb1 Rxf2 33. Qa1 Qxa1 34. Rxa1 Rc2 35. Rd1 Ree2 36. Rxd5 Rxg2+ 37. Kh1
Rxh2+ 0-1

[Event "19e tournoi d'automne"]
[Site "Montigny le Bretonneux"]
[Date "2021.10.26"]
[Round "4.10"]
[White "Sbai, Adam"]
[Black "Roy, Alain"]
[Result "0-1"]
[WhiteElo "1199"]
[BlackElo "1836"]
[Annotator "Rivier,Sylvain"]
[PlyCount "62"]
[EventDate "2021.??.??"]

{Partie du pion dame} 1. d4 Nf6 2. Bf4 e6 3. e3 c5 4. c3 d5 5. Nd2 Nc6 6. Bd3
Bd6 7. Bg3 O-O 8. Ngf3 Qe7 9. Ne5 Nd7 10. Qh5 g6 11. Nxc6 bxc6 12. Qh6 e5 13.
dxe5 Nxe5 14. Be2 Re8 15. O-O-O Rb8 16. h4 Qb7 17. b3 Bf5 18. Rdg1 c4 19. e4
cxb3 20. axb3 Ba3+ 21. Kd1 Bxe4 22. Bxe5 Rxe5 23. Qf4 Rbe8 24. Bf3 Qa6 25. Re1
Qd3 26. Re3 Qc2+ 27. Ke2 Bd3+ 28. Ke1 Bc1 29. Rxe5 Rxe5+ 30. Ne4 Rxe4+ 31. Bxe4
Qe2# 0-1

[Event "19e tournoi d'automne"]
[Site "Montigny le Bretonneux"]
[Date "2021.10.26"]
[Round "4.11"]
[White "Sbai, Nael"]
[Black "Fayolle, Guy"]
[Result "0-1"]
[WhiteElo "1099"]
[BlackElo "1679"]
[Annotator "Rivier,Sylvain"]
[PlyCount "54"]
[EventDate "2021.??.??"]

{Défense Pirc} 1. d4 Nf6 2. Bf4 g6 3. Nc3 Bg7 4. e4 d6 5. Bh6 Bxh6 6. Nf3 O-O
7. e5 dxe5 8. dxe5 Qxd1+ 9. Rxd1 Nfd7 10. Bc4 Nc6 11. Nd5 Ndxe5 12. Nxc7 Nxf3+
13. gxf3 Rb8 14. Rd3 Ne5 15. Rd2 Bxd2+ 16. Kxd2 Nxc4+ 17. Kc1 Bf5 18. Nb5 Rbd8
19. Nc3 Rd2 20. b3 Rxc2+ 21. Kb1 Rxc3+ 22. Ka1 Nd2 23. f4 Rc2 24. Re1 Ne4 25.
f3 Nc3 26. Re2 Rxe2 27. h3 Rxa2# 0-1

[Event "19e tournoi d'automne"]
[Site "Montigny le Bretonneux"]
[Date "2021.10.26"]
[Round "4.12"]
[White "Fellag Ariouet, Ismael"]
[Black "Marival, Fred"]
[Result "0-1"]
[WhiteElo "1099"]
[BlackElo "1420"]
[Annotator "Rivier,Sylvain"]
[PlyCount "45"]
[EventDate "2021.??.??"]

1. e4 c5 2. Bb5 a6 3. Ba4 b5 4. Bb3 c4 5. Nf3 cxb3 6. cxb3 Bb7 7. O-O e6 8. Nc3
Be7 9. d4 d6 10. d5 Nf6 11. dxe6 fxe6 12. Bf4 O-O 13. b4 Nxe4 14. Qd3 Nxc3 15.
Qxc3 Rxf4 16. Rae1 Bd5 17. Re2 Bc4 18. g3 Bxe2 19. gxf4 Bf6 20. Qc1 Bxf1 21.
Kxf1 Nc6 22. h4 Rc8 23. f5 {suite illisible} 0-1

[Event "19e tournoi d'automne"]
[Site "Montigny le Bretonneux"]
[Date "2021.10.26"]
[Round "4.13"]
[White "Mimoune, Kenzi"]
[Black "Rafalimanana, Hary"]
[Result "1/2-1/2"]
[WhiteElo "1588"]
[BlackElo "1238"]
[Annotator "Rivier,Sylvain"]
[PlyCount "139"]
[EventDate "2021.??.??"]

{Défense scandinave} 1. e4 d5 2. exd5 Qxd5 3. Nc3 Qa5 4. d4 Nf6 5. Nf3 Bg4 6.
Bb5+ c6 7. Be2 e6 8. a3 Nbd7 9. Bf4 Nd5 10. Bd2 N5f6 11. O-O Qc7 12. h3 h5 13.
Re1 O-O-O 14. b4 Nb6 15. b5 c5 16. dxc5 Bxc5 17. Qc1 Nfd5 18. Nxd5 Nxd5 19. c4
Nf6 20. Bf4 Qb6 21. Rf1 Bf5 22. a4 e5 23. Bxe5 Qe6 24. Qf4 Ne4 25. Bd1 f6 26.
Bb2 g5 27. Qc1 g4 28. Nh4 gxh3 29. Qf4 Bg4 30. Bc2 hxg2 31. Nxg2 Nd2 32. Rfc1
Rhg8 33. Kh1 Bd6 34. Qxf6 Qxf6 35. Bxf6 Rdf8 36. Bh7 Rxf6 37. Bxg8 Rf3 38. Ne3
Rh3+ 39. Kg1 Bh2+ 40. Kg2 Be5 41. Nxg4 hxg4 42. Rh1 Bxa1 43. Rxa1 Rc3 44. Rd1
Nxc4 45. Rd4 Nb2 46. Rxg4 Ra3 47. f4 Rxa4 48. Kg3 Rb4 49. Rg5 Nd3 50. Rf5 Kc7
51. Rf7+ Kb6 52. f5 Rxb5 53. f6 Rf5 54. Bh7 Ne5 55. Re7 Rxf6 56. Rxe5 Rc6 57.
Kf4 Rc4+ 58. Ke3 a5 59. Bd3 Rc5 60. Re8 a4 61. Ra8 Ra5 62. Rxa5 Kxa5 63. Kd2
Kb4 64. Kc2 a3 65. Kb1 Kc3 66. Bb5 Kb4 67. Be8 Kb3 68. Ka1 b6 69. Bd7 Kb4 70.
Ka2 1/2-1/2

[Event "19e tournoi d'automne"]
[Site "Montigny le Bretonneux"]
[Date "2021.10.26"]
[Round "4.14"]
[White "Duval, Dominique"]
[Black "Tanchoux, Pierre"]
[Result "1-0"]
[WhiteElo "1695"]
[BlackElo "1295"]
[Annotator "Rivier,Sylvain"]
[PlyCount "89"]
[EventDate "2021.??.??"]

{Partie du pion dame} 1. d4 Nf6 2. Nc3 d5 3. Bf4 c6 4. e3 Bf5 5. f3 e6 6. g4
Bg6 7. h4 h6 8. Nge2 Bd6 9. Qd2 Qc7 10. Bg2 Nbd7 11. O-O-O O-O-O 12. Bxd6 Qxd6
13. Nf4 Bh7 14. g5 Ng8 15. Bh3 Kb8 16. Rdg1 Ne7 17. e4 Ng6 18. e5 Qe7 19. Nxg6
Bxg6 20. Bg4 h5 21. Bh3 Nb6 22. Bf1 c5 23. Nb5 cxd4 24. Qxd4 Rc8 25. c3 Qc5 26.
Qxc5 Rxc5 27. Nd4 a6 28. Nb3 Rc7 29. Rh2 Nd7 30. f4 Nc5 31. Nxc5 Rxc5 32. Rd2
Rhc8 33. Rd4 b5 34. a4 Ka7 35. axb5 axb5 36. Kd2 Kb6 37. Be2 Ra8 38. Ke3 Ra2
39. Rb4 Ra4 40. Rxa4 bxa4 41. Ra1 Ra5 42. Kd4 Ra7 43. Bd1 Kb5 44. b4 Ra6 45.
Be2+ 1-0

[Event "19e tournoi d'automne"]
[Site "Montigny le Bretonneux"]
[Date "2021.10.27"]
[Round "5.1"]
[White "Gouanelle, Franck"]
[Black "Fruchard, Cyrille"]
[Result "0-1"]
[WhiteElo "2029"]
[BlackElo "2278"]
[Annotator "Rivier,Sylvain"]
[PlyCount "78"]
[EventDate "2021.??.??"]

{Partie du pion dame} 1. d4 d5 2. Bf4 Nf6 3. e3 c5 4. c3 Nc6 5. Nd2 Qb6 6. Qb3
Bf5 7. dxc5 Qxb3 8. axb3 e5 9. Bg3 Bxc5 10. b4 Bd6 11. b5 Nb8 12. Ngf3 Nbd7 13.
Rd1 Ke7 14. Nh4 Be6 15. Be2 g5 16. Nhf3 h6 17. h3 Rhc8 18. O-O Ne4 19. Nxe4
dxe4 20. Nd2 f5 21. Rfe1 Nf6 22. Ra1 f4 23. Bh2 Bc5 24. Bf1 Rd8 25. Nc4 Bxc4
26. Bxc4 Rd2 27. Rab1 Bb6 28. Kf1 Rf8 29. Re2 fxe3 30. Bxe5 Nh5 31. Ke1 Rxf2
32. Rxf2 Rxf2 33. Bf1 Nf4 34. Bxf4 gxf4 35. b4 f3 36. gxf3 exf3 37. c4 Bd4 38.
Rb3 Ra2 39. Bd3 Bc3+ 0-1

[Event "19e tournoi d'automne"]
[Site "Montigny le Bretonneux"]
[Date "2021.10.27"]
[Round "5.2"]
[White "Gaillard, Michel"]
[Black "Divies, Renaud"]
[Result "0-1"]
[WhiteElo "1883"]
[BlackElo "1931"]
[Annotator "Rivier,Sylvain"]
[PlyCount "36"]
[EventDate "2021.??.??"]

{Défense sicilienne, variante Paulsen} 1. e4 c5 2. Nf3 e6 3. d4 cxd4 4. Nxd4 a6
5. Nc3 Qc7 6. a3 b5 7. Be3 Nf6 8. Be2 b4 9. axb4 Bxb4 10. O-O Bb7 11. Bf3 Bxc3
12. bxc3 Nxe4 13. Bxe4 Bxe4 14. Nb5 axb5 15. Rxa8 Bxa8 16. Qg4 Kf8 17. Qb4+ Kg8
18. Qg4 h5 0-1

[Event "19e tournoi d'automne"]
[Site "Montigny le Bretonneux"]
[Date "2021.10.27"]
[Round "5.3"]
[White "Brisse, Axel"]
[Black "Couradin, Jean-Marie"]
[Result "1-0"]
[WhiteElo "1695"]
[BlackElo "1581"]
[Annotator "Rivier,Sylvain"]
[PlyCount "89"]
[EventDate "2021.??.??"]

{Ouverture anglaise, variante néo-catalane refusée} 1. Nf3 Nf6 2. c4 e6 3. g3
d5 4. Bg2 c6 5. Qc2 Be7 6. b3 Nbd7 7. Bb2 O-O 8. O-O Qc7 9. d4 b6 10. Nbd2 Ba6
11. Rfe1 Rac8 12. Rac1 c5 13. cxd5 Nxd5 14. Qb1 Qb8 15. Rcd1 N7f6 16. a3 cxd4
17. Nxd4 Nc3 18. Bxc3 Rxc3 19. Qb2 Rfc8 20. Nc4 Bxc4 21. Qxc3 Bxe2 22. Nc6 Rxc6
23. Bxc6 Bxd1 24. Rxd1 Qc7 25. b4 Nd5 26. Qc4 Nf6 27. Rc1 Qe5 28. Qa6 g6 29.
Qxa7 Qb2 30. Rf1 Bd6 31. Qxb6 Kg7 32. Qe3 Be5 33. h3 Bd4 34. Qf3 Bc3 35. b5
Qxa3 36. b6 Qb2 37. b7 Be5 38. Qd3 Bb8 39. Re1 Qb6 40. Rc1 Ng8 41. Qc3+ f6 42.
Kg2 Ne7 43. Qc4 Kf7 44. Qc5 Qc7 45. Be8+ 1-0

[Event "19e tournoi d'automne"]
[Site "Montigny le Bretonneux"]
[Date "2021.10.27"]
[Round "5.4"]
[White "Forissier, Nicolas"]
[Black "Flamant, Jacky"]
[Result "1-0"]
[WhiteElo "1918"]
[BlackElo "1479"]
[Annotator "Rivier,Sylvain"]
[PlyCount "59"]
[EventDate "2021.??.??"]

{Gambit de Budapest, variante principale} 1. d4 Nf6 2. c4 e5 3. dxe5 Ng4 4. Nf3
Nc6 5. Bg5 Be7 6. Bf4 Bb4+ 7. Nbd2 d6 8. exd6 Qf6 9. e3 Bf5 10. a3 Bxd6 11.
Bxd6 Qxd6 12. Nb3 Qxd1+ 13. Rxd1 Bc2 14. Rd4 Nxd4 15. Nbxd4 Ba4 16. c5 O-O 17.
Bc4 Rae8 18. O-O Ne5 19. Be2 b6 20. Rc1 Nxf3+ 21. Bxf3 Re7 22. c6 Re5 23. Be2
Rc5 24. Rc4 Rxc4 25. Bxc4 Bd1 26. Nb5 Rd8 27. h3 a5 28. Nxc7 Ba4 29. Nd5 Kf8
30. c7 1-0

[Event "19e tournoi d'automne"]
[Site "Montigny le Bretonneux"]
[Date "2021.10.27"]
[Round "5.5"]
[White "Delmont, Jean-Robert"]
[Black "Kunne, Ronald"]
[Result "1-0"]
[WhiteElo "1753"]
[BlackElo "1561"]
[Annotator "Rivier,Sylvain"]
[PlyCount "71"]
[EventDate "2021.??.??"]

{Ouverture du pion dame} 1. d4 e6 2. f3 d5 3. Bf4 Nf6 4. Nc3 Bb4 5. Qd3 c5 6.
e3 Nc6 7. Nge2 O-O 8. a3 c4 9. Qd2 Ba5 10. b4 cxb3 11. cxb3 Qe7 12. b4 Nxb4 13.
axb4 Bxb4 14. Nc1 Nh5 15. Nd3 Nxf4 16. Nxb4 Nxg2+ 17. Bxg2 Qxb4 18. O-O b6 19.
Rfb1 Qd6 20. Nb5 Qd7 21. Bf1 a6 22. Rc1 Qd8 23. Nc7 Ra7 24. Nxa6 Bxa6 25. Rxa6
Rb7 26. Ra3 Qe7 27. Rb3 f5 28. f4 Ra8 29. Rcb1 Qc7 30. Qc3 Ra2 31. Qxc7 Rxc7
32. R3b2 Ra3 33. Rb3 Rc3 34. Rxa3 Rxa3 35. Kf2 Ra2+ 36. Be2 1-0

[Event "19e tournoi d'automne"]
[Site "Montigny le Bretonneux"]
[Date "2021.10.27"]
[Round "5.6"]
[White "Roy, Alain"]
[Black "Gazay, Didier"]
[Result "1-0"]
[WhiteElo "1836"]
[BlackElo "1657"]
[Annotator "Rivier,Sylvain"]
[PlyCount "41"]
[EventDate "2021.??.??"]

{Ouverture anglaise} 1. Nf3 e6 2. c4 f5 3. d3 Nf6 4. Nc3 d5 5. g3 c6 6. Bg2 Be7
7. O-O O-O 8. e4 d4 9. Ne2 c5 10. exf5 exf5 11. Nf4 Bd6 12. Re1 Qb6 13. Re2
Bxf4 14. Bxf4 Bd7 15. Qd2 Bc6 16. Re6 Nbd7 17. Rae1 Rac8 18. Ng5 h6 19. Nf3 Kh7
20. Bxh6 Rf7 21. Ng5+ 1-0

[Event "19e tournoi d'automne"]
[Site "Montigny le Bretonneux"]
[Date "2021.10.27"]
[Round "5.7"]
[White "Marival, Fred"]
[Black "Carbonnet, Christophe"]
[Result "0-1"]
[WhiteElo "1420"]
[BlackElo "1744"]
[Annotator "Rivier,Sylvain"]
[PlyCount "88"]
[EventDate "2021.??.??"]

{Défense sicilienne, attaque Sozin} 1. e4 c5 2. Nf3 d6 3. d4 cxd4 4. Nxd4 Nf6
5. Nc3 Nc6 6. Bc4 e6 7. Bb3 Be7 8. Be3 O-O 9. f3 a6 10. Qd2 Na5 11. g4 Nd7 12.
Bxe6 fxe6 13. Nxe6 Nc4 14. Qd4 Bh4+ 15. Ke2 Qf6 16. Nxf8 Nde5 17. Raf1 Kxf8 18.
h3 Nxe3 19. Kxe3 Be6 20. b3 Rc8 21. f4 Nxg4+ 22. hxg4 Rxc3+ 23. Qd3 Rxd3+ 24.
cxd3 Qd8 25. g5 Bg3 26. Rxh7 Qb6+ 27. Kf3 Qd4 28. Kxg3 Qxd3+ 29. Rf3 Qxe4 30.
Rh8+ Kf7 31. Rh2 Bf5 32. Rhf2 d5 33. Rc3 d4 34. Rc7+ Kg6 35. Rc4 Qe3+ 36. Rf3
Qe1+ 37. Kh2 Qe2+ 38. Kg3 Qe1+ 39. Kh2 d3 40. Rd4 d2 41. Rd6+ Kf7 42. g6+ Ke7
43. Rd5 d1=Q 44. Re5+ Qxe5 0-1

[Event "19e tournoi d'automne"]
[Site "Montigny le Bretonneux"]
[Date "2021.10.27"]
[Round "5.8"]
[White "De Lagontrie, Jean"]
[Black "Weil, Simon"]
[Result "1-0"]
[WhiteElo "1722"]
[BlackElo "1199"]
[Annotator "Rivier,Sylvain"]
[PlyCount "74"]
[EventDate "2021.??.??"]

{Gambit dame, défense slave, variante hollandaise principale} 1. d4 d5 2. c4 c6
3. Nf3 Nf6 4. Nc3 dxc4 5. a4 Bf5 6. e3 e6 7. Bxc4 Bb4 8. O-O Nbd7 9. Qe2 O-O
10. Rd1 Nb6 11. Bb3 Ne4 12. Nxe4 Bxe4 13. Nd2 Bg6 14. Nc4 Qd5 15. f3 Nxc4 16.
Bxc4 Qa5 17. e4 b5 18. Bb3 c5 19. Be3 bxa4 20. Rxa4 Qb6 21. Ra6 Qb7 22. dxc5
Bxc5 23. Bxc5 Rfc8 24. Bxe6 fxe6 25. b4 Be8 26. Qa2 Bf7 27. Rxa7 e5 28. Qa5
Rxa7 29. Bxa7 Ra8 30. Rd8+ Be8 31. Rxa8 Qxa8 32. Qc7 Qc6 33. Qxc6 Bxc6 34. Bb8
Kf7 35. Bxe5 g6 36. h4 h5 37. Kf2 Ke6 1-0

[Event "19e tournoi d'automne"]
[Site "Montigny le Bretonneux"]
[Date "2021.10.27"]
[Round "5.9"]
[White "Fayolle, Guy"]
[Black "Romero, Michel"]
[Result "0-1"]
[WhiteElo "1679"]
[BlackElo "1697"]
[Annotator "Rivier,Sylvain"]
[PlyCount "90"]
[EventDate "2021.??.??"]

{Partie italienne, guiocco piano} 1. e4 e5 2. Nf3 Nc6 3. Bc4 Nf6 4. d3 Bc5 5.
c3 O-O 6. b4 Be7 7. O-O d6 8. h3 Bd7 9. Be3 Qc8 10. Kh2 Nd8 11. Ng1 c6 12. f4
d5 13. exd5 cxd5 14. Bb3 e4 15. Bd4 Bb5 16. Bc2 Ne6 17. Be5 Rd8 18. a4 Bc6 19.
b5 Be8 20. Qe1 Nc5 21. Bxf6 Bxf6 22. dxe4 dxe4 23. Bxe4 Nxe4 24. Qxe4 a6 25. b6
Bc6 26. Qe3 Qf5 27. Nf3 Rd3 28. Qc1 Rad8 29. Ne5 Bxe5 30. fxe5 Qxe5+ 31. Qf4
Qxf4+ 32. Rxf4 Rd1 33. Rb4 Rc1 34. Ra2 Rdd1 35. Rab2 a5 36. Rd4 Rxd4 37. cxd4
Rc4 38. d5 Bxa4 39. Rd2 Kf8 40. Ra2 Ke7 41. Ra3 Kd6 42. Kg3 Rb4 43. Ra1 Bc2 44.
Na3 Be4 45. Rc1 Bxd5 0-1

[Event "19e tournoi d'automne"]
[Site "Montigny le Bretonneux"]
[Date "2021.10.27"]
[Round "5.10"]
[White "Rafalimanana, Hary"]
[Black "Duval, Dominique"]
[Result "1-0"]
[WhiteElo "1238"]
[BlackElo "1695"]
[Annotator "Rivier,Sylvain"]
[PlyCount "99"]
[EventDate "2021.??.??"]

{Défense Pirc} 1. d4 d6 2. Nf3 Nf6 3. Nc3 c6 4. h3 Nbd7 5. e4 Qa5 6. Bd3 e5 7.
O-O Be7 8. Ne2 O-O 9. c3 Qc7 10. Be3 b6 11. Ng3 g6 12. Qb3 d5 13. Rac1 dxe4 14.
Nxe4 Nxe4 15. Bxe4 Nf6 16. Bb1 Be6 17. Qd1 e4 18. Ng5 Bc4 19. Re1 Bd3 20. Bxd3
exd3 21. Qxd3 Nd5 22. Bd2 Bd6 23. Ne4 Bf4 24. Bxf4 Qxf4 25. Qg3 Kg7 26. Qxf4
Nxf4 27. Re3 Rad8 28. Kf1 Rfe8 29. g3 Nd5 30. Re2 f5 31. Ng5 Rxe2 32. Kxe2 Re8+
33. Kd2 h6 34. Nf3 f4 35. g4 Nf6 36. Re1 Rxe1 37. Kxe1 Nd7 38. Kd2 Kf6 39. Kd3
Ke6 40. Ke4 g5 41. Ne5 Nf6+ 42. Kd3 c5 43. Nc6 Kd5 44. Ne7+ Ke6 45. Nc8 Kd5 46.
f3 cxd4 47. c4+ Kc5 48. Nxa7 Ne8 49. Nb5 Nf6 50. a3 1-0

[Event "19e tournoi d'automne"]
[Site "Montigny le Bretonneux"]
[Date "2021.10.27"]
[Round "5.11"]
[White "Cogez, Celine"]
[Black "Sbai, Adam"]
[Result "1-0"]
[WhiteElo "1320"]
[BlackElo "1199"]
[Annotator "Rivier,Sylvain"]
[PlyCount "67"]
[EventDate "2021.??.??"]

{Défense Caro-Kann, variante d'échange} 1. e4 d5 2. exd5 Nf6 3. c4 c6 4. Nc3
cxd5 5. d4 Nc6 6. Nf3 Bg4 7. Be2 Na5 8. c5 g6 9. Be3 Bg7 10. h3 Bf5 11. Bb5+
Nc6 12. Qa4 Qd7 13. Ne5 Qe6 14. Bxc6+ bxc6 15. Qxc6+ Qxc6 16. Nxc6 Bd3 17. b4
Ne4 18. Nxd5 O-O 19. Ncxe7+ Kh8 20. Nf4 Bc4 21. a3 Rad8 22. Nc6 Rd6 23. cxd6
Nxd6 24. Rc1 a6 25. Ne5 Bb5 26. f3 Nf5 27. Bf2 Rd8 28. Nxf7+ Kg8 29. Nxd8 Nxd4
30. Bxd4 Bxd4 31. Nde6 Be5 32. Rc7 Kh8 33. Rc8+ Be8 34. Rxe8# 1-0

[Event "19e tournoi d'automne"]
[Site "Montigny le Bretonneux"]
[Date "2021.10.27"]
[Round "5.12"]
[White "Aidan, David"]
[Black "Mimoune, Kenzi"]
[Result "0-1"]
[WhiteElo "1399"]
[BlackElo "1588"]
[Annotator "Rivier,Sylvain"]
[PlyCount "80"]
[EventDate "2021.??.??"]

{Défense sicilienne} 1. e4 c5 2. Nf3 d6 3. c3 Nf6 4. Bd3 e5 5. Bc2 Bg4 6. h3
Bh5 7. g4 Bg6 8. Qe2 Nc6 9. d3 Be7 10. Be3 Qb6 11. Bb3 a5 12. Ba4 O-O 13. Na3
d5 14. exd5 Nxd5 15. Nc4 Qc7 16. Rd1 Rab8 17. Bxc6 bxc6 18. Ncxe5 Bd6 19. Nxg6
fxg6 20. Kf1 Qf7 21. Ng5 Qe7 22. Ne4 Rbe8 23. Re1 c4 24. dxc4 Qxe4 25. Kg1 Nf4
26. Bxf4 Qxf4 27. Qf1 Bc5 28. Rh2 Rxe1 29. Qxe1 Qxc4 30. b3 Qf7 31. c4 Re8 32.
Qd2 Bb4 33. Qd3 Re1+ 34. Kg2 Bc5 35. Qd2 Qe7 36. Qd3 Qe4+ 37. Qf3 Rg1+ 38. Kxg1
Qxf3 39. Kf1 Kf7 40. Rg2 Qd1# 0-1

[Event "19e tournoi d'automne"]
[Site "Montigny le Bretonneux"]
[Date "2021.10.27"]
[Round "5.13"]
[White "Mimoune, Mehdi"]
[Black "Fellag Ariouet, Ismael"]
[Result "1-0"]
[WhiteElo "1451"]
[BlackElo "1099"]
[Annotator "Rivier,Sylvain"]
[PlyCount "27"]
[EventDate "2021.??.??"]

{Gambit letton} 1. e4 e5 2. Nf3 Qh4 3. Nxh4 Nf6 4. Nc3 Nc6 5. Bc4 d5 6. Nxd5
Nxd5 7. Bxd5 g5 8. Nf5 Bd7 9. Bxf7+ Kxf7 10. Qh5+ Kf6 11. d3 Rg8 12. Nh6 Rg6
13. Bxg5+ Rxg5 14. Qf7# 1-0

[Event "19e tournoi d'automne"]
[Site "Montigny le Bretonneux"]
[Date "2021.10.27"]
[Round "5.14"]
[White "Tanchoux, Pierre"]
[Black "Sbai, Nael"]
[Result "1-0"]
[WhiteElo "1295"]
[BlackElo "1099"]
[Annotator "Rivier,Sylvain"]
[PlyCount "89"]
[EventDate "2021.??.??"]

{Partie du pion dame} 1. d4 Nf6 2. Nf3 e6 3. e3 c5 4. c3 d5 5. Bd3 c4 6. Bc2
Nc6 7. Nbd2 Ne4 8. Nxe4 dxe4 9. Bxe4 f6 10. O-O e5 11. dxe5 Qxd1 12. Rxd1 fxe5
13. Bxc6+ bxc6 14. Nxe5 h5 15. Nxc4 h4 16. h3 Rh5 17. b3 Rg5 18. e4 Rg6 19. Kf1
Be6 20. Ne5 Rf6 21. Be3 Bf7 22. Nxf7 Rxf7 23. c4 Be7 24. Rd3 Bf6 25. Rad1 a6
26. f4 Re7 27. e5 Bxe5 28. fxe5 Rxe5 29. Re1 Kf8 30. Bf2 Rh5 31. Re4 g5 32.
Rf3+ Kg7 33. Bd4+ Kg6 34. Rf6+ Kh7 35. Re7+ Kg8 36. Rg6+ Kf8 37. Reg7 Rc8 38.
Bc5+ Ke8 39. Re6+ Kd8 40. Bb6+ Rc7 41. Bxc7+ Kc8 42. Rxc6 g4 43. Bb6+ Kb8 44.
Ba7+ Ka8 45. Rc8# 1-0

[Event "19e tournoi d'automne"]
[Site "Montigny le Bretonneux"]
[Date "2021.10.28"]
[Round "6.1"]
[White "Fruchard, Cyrille"]
[Black "Brisse, Axel"]
[Result "1-0"]
[WhiteElo "2278"]
[BlackElo "1695"]
[Annotator "Rivier,Sylvain"]
[PlyCount "83"]
[EventDate "2021.??.??"]

{Ouverture du pion dame} 1. d4 Nf6 2. Bg5 c5 3. Bxf6 gxf6 4. d5 Qb6 5. Qc1 f5
6. c4 Bg7 7. Nc3 d6 8. e3 Nd7 9. Nf3 Ne5 10. Nxe5 Bxe5 11. Bd3 Rg8 12. O-O Bd7
13. Qc2 e6 14. a3 Qd8 15. f4 Bh8 16. Be2 Qf6 17. Bf3 e5 18. Rad1 e4 19. Be2 Ke7
20. Rb1 Rg6 21. Rf2 Rag8 22. Bf1 h5 23. Ne2 h4 24. Qc3 a6 25. Qxf6+ Bxf6 26. b4
Rc8 27. bxc5 Rxc5 28. Nd4 b5 29. cxb5 axb5 30. Nxb5 Rxd5 31. Nc7 Rc5 32. Rb7
Rg8 33. Rd2 Rd8 34. Nd5+ Ke6 35. Nxf6 Kxf6 36. Rxd6+ Ke7 37. Rd4 Ke8 38. Bc4
Ra5 39. a4 f6 40. h3 Rc8 41. Rdxd7 Rxc4 42. Rh7 1-0

[Event "19e tournoi d'automne"]
[Site "Montigny le Bretonneux"]
[Date "2021.10.28"]
[Round "6.2"]
[White "Divies, Renaud"]
[Black "Gouanelle, Franck"]
[Result "1-0"]
[WhiteElo "1931"]
[BlackElo "2029"]
[Annotator "Rivier,Sylvain"]
[PlyCount "31"]
[EventDate "2021.??.??"]

{Défense française} 1. c4 e6 2. e4 d5 3. cxd5 exd5 4. e5 c5 5. Nf3 Nc6 6. Bb5
Nge7 7. O-O a6 8. Ba4 b5 9. Bc2 Ng6 10. Re1 Be7 11. h3 O-O 12. d4 c4 13. Nc3
Be6 14. Ne2 Qd7 15. Ng3 Nh4 16. Nxh4 1-0

[Event "19e tournoi d'automne"]
[Site "Montigny le Bretonneux"]
[Date "2021.10.28"]
[Round "6.3"]
[White "Delmont, Jean-Robert"]
[Black "Forissier, Nicolas"]
[Result "0-1"]
[WhiteElo "1753"]
[BlackElo "1918"]
[Annotator "Rivier,Sylvain"]
[PlyCount "36"]
[EventDate "2021.??.??"]

{Défense Grünfeld, variante fermée} 1. d4 Nf6 2. c4 g6 3. Nc3 d5 4. Nf3 Bg7 5.
e3 O-O 6. Qb3 c6 7. Bd2 e6 8. Bd3 Nbd7 9. O-O Nb6 10. c5 Nbd7 11. Qc2 e5 12.
dxe5 Ng4 13. e6 fxe6 14. Bxg6 hxg6 15. Qxg6 Nde5 16. Nxe5 Nxe5 17. Qg3 Qf6 18.
Ne2 Qg6 0-1

[Event "19e tournoi d'automne"]
[Site "Montigny le Bretonneux"]
[Date "2021.10.28"]
[Round "6.4"]
[White "Gaillard, Michel"]
[Black "De Lagontrie, Jean"]
[Result "1-0"]
[WhiteElo "1883"]
[BlackElo "1722"]
[Annotator "Rivier,Sylvain"]
[PlyCount "101"]
[EventDate "2021.??.??"]

{Défense sicilienne, variante Rossolimo} 1. e4 c5 2. Nc3 Nc6 3. Nf3 e6 4. Bb5
Nd4 5. O-O g6 6. Re1 Bg7 7. Bf1 a6 8. e5 d5 9. exd6 Qxd6 10. Ne4 Qc7 11. Nxd4
cxd4 12. d3 Bd7 13. c3 Ne7 14. c4 O-O 15. Bd2 Bc6 16. g3 e5 17. Bb4 Bxe4 18.
Rxe4 f5 19. Re1 Rfe8 20. Bg2 Nc6 21. Bd5+ Kh8 22. Bd2 Rad8 23. Bg5 Rd7 24. a3
b5 25. Rc1 b4 26. Qa4 Ne7 27. Bd2 Nxd5 28. cxd5 Qd6 29. Bxb4 Qxd5 30. Rc7 Red8
31. Rxd7 Qxd7 32. Qxa6 Rc8 33. Qd6 Qc6 34. Qxc6 Rxc6 35. f4 e4 36. dxe4 fxe4
37. Rxe4 Kg8 38. Re8+ Kf7 39. Rd8 Rc1+ 40. Kg2 Rc2+ 41. Kf3 Rxb2 42. Rd7+ Kg8
43. h4 h5 44. Bc5 Rb3+ 45. Kg2 d3 46. Bb4 Bb2 47. Bd2 Rxa3 48. Kf3 Bg7 49. Ke3
Bf8 50. Rd8 Kf7 51. Rxf8+ 1-0

[Event "19e tournoi d'automne"]
[Site "Montigny le Bretonneux"]
[Date "2021.10.28"]
[Round "6.5"]
[White "Romero, Michel"]
[Black "Roy, Alain"]
[Result "1-0"]
[WhiteElo "1697"]
[BlackElo "1836"]
[Annotator "Rivier,Sylvain"]
[PlyCount "81"]
[EventDate "2021.??.??"]

{Défense sicilienne, gambit Morra} 1. e4 c5 2. d4 cxd4 3. c3 dxc3 4. Nxc3 Nc6
5. Nf3 d6 6. Bc4 Nf6 7. e5 dxe5 8. Qxd8+ Nxd8 9. Nb5 e6 10. Nc7+ Kd7 11. Nxa8
Bd6 12. Be3 Nc6 13. O-O-O Ke7 14. Rxd6 Kxd6 15. Rd1+ Nd5 16. Ng5 Ke7 17. Bc5+
Kf6 18. Ne4+ Kg6 19. Rd3 f5 20. Nc3 b6 21. Nxd5 exd5 22. Bxd5 Bb7 23. Bxc6 Bxa8
24. Rd6+ Kg5 25. Bxa8 Rxa8 26. Be3+ f4 27. Bd2 Rc8+ 28. Kd1 Rc7 29. g3 Kg4 30.
Rd5 Re7 31. Ke2 f3+ 32. Ke3 e4 33. Bb4 Rc7 34. Bc3 Kh3 35. Rh5+ Kg2 36. Rxh7
Rd7 37. Bd4 Rxd4 38. Kxd4 Kxf2 39. Kxe4 Kg2 40. Rxg7 f2 41. Rf7 1-0

[Event "19e tournoi d'automne"]
[Site "Montigny le Bretonneux"]
[Date "2021.10.28"]
[Round "6.6"]
[White "Couradin, Jean-Marie"]
[Black "Carbonnet, Christophe"]
[Result "1/2-1/2"]
[WhiteElo "1581"]
[BlackElo "1744"]
[Annotator "Rivier,Sylvain"]
[PlyCount "70"]
[EventDate "2021.??.??"]

{Défense sicilienne, variante Alapine} 1. e4 c5 2. c3 Nf6 3. e5 Nd5 4. Bc4 Nb6
5. Bb3 c4 6. Bc2 d6 7. d4 cxd3 8. Qxd3 dxe5 9. Qe2 e6 10. Nf3 Nc6 11. Nxe5 Nxe5
12. Qxe5 Qd6 13. Bf4 Qxe5+ 14. Bxe5 f6 15. Bd4 e5 16. Bxb6 axb6 17. Nd2 Be6 18.
a3 Be7 19. Rd1 f5 20. h4 g6 21. Nf3 h6 22. Nxe5 Rg8 23. g3 Bf6 24. f4 Bxe5 25.
fxe5 Ra5 26. Rh2 Rxe5+ 27. Re2 Rxe2+ 28. Kxe2 Ke7 29. Ke3 g5 30. hxg5 hxg5 31.
Rh1 Kf6 32. Rh6+ Rg6 33. Rh7 Rg7 34. Rh6+ Rg6 35. Rh7 Rg7 1/2-1/2